|
|
|
|
| LEADER |
01705nam a2200397 a 4500 |
| 001 |
EBC168399 |
| 003 |
MiAaPQ |
| 005 |
20200520144314.0 |
| 006 |
m o d | |
| 007 |
cr cn||||||||| |
| 008 |
941223s1995 enk sb 001 0 eng |
| 010 |
|
|
|z 94048667
|
| 020 |
|
|
|z 0415126916
|
| 035 |
|
|
|a (MiAaPQ)EBC168399
|
| 035 |
|
|
|a (Au-PeEL)EBL168399
|
| 035 |
|
|
|a (CaPaEBR)ebr2003671
|
| 035 |
|
|
|a (CaONFJC)MIL3202
|
| 035 |
|
|
|a (OCoLC)475875659
|
| 040 |
|
|
|a MiAaPQ
|c MiAaPQ
|d MiAaPQ
|
| 050 |
|
4 |
|a HF1009.7.A36
|b E96 1995
|
| 082 |
0 |
4 |
|a 382/.6/0967
|2 20
|
| 245 |
0 |
0 |
|a Exporting Africa
|h [electronic resource] :
|b technology, trade, and industrialization in Sub-Saharan Africa /
|c edited by Samuel M. Wangwe.
|
| 260 |
|
|
|a London ;
|a New York :
|b Routledge ;
|a [Tokyo, Japan] :
|b United Nations University ;
|a [Maastricht, Netherlands] :
|b INTECH,
|c 1995.
|
| 300 |
|
|
|a ix, 436 p.
|
| 490 |
1 |
|
|a UNU/INTECH studies in new technology and development,
|x 1359-7922 ;
|v 4
|
| 500 |
|
|
|a "Published in association with the UNU Press."
|
| 504 |
|
|
|a Includes bibliographical references and index.
|
| 533 |
|
|
|a Electronic reproduction. Ann Arbor, MI : ProQuest, 2015. Available via World Wide Web. Access may be limited to ProQuest affiliated libraries.
|
| 650 |
|
0 |
|a Exports
|z Africa, Sub-Saharan
|v Case studies.
|
| 650 |
|
0 |
|a Business enterprises
|z Africa, Sub-Saharan
|v Case studies.
|
| 650 |
|
0 |
|a Competition, International
|v Case studies.
|
| 655 |
|
4 |
|a Electronic books.
|
| 700 |
1 |
|
|a Wangwe, S. M.
|
| 710 |
2 |
|
|a ProQuest (Firm)
|
| 830 |
|
0 |
|a UNU/INTECH studies in new technology and development ;
|v 4.
|
| 856 |
4 |
0 |
|u https://ebookcentral.proquest.com/lib/matrademy/detail.action?docID=168399
|z Click to View
|